| 000 | 00842nam a2200265 i 4500 | ||
|---|---|---|---|
| 001 | bgj | ||
| 245 | 0 | 0 |
_aLiteraturwissenschaft heute : _b& kapitel über ihre metodische Praxis / _cFriedrich Nemec, Wilhelm Solms, Hrsg. ; Unter Mitarbeit von Ruth Kayser [et al.]. |
| 260 |
_aMünchen : _bW. Fink, _cc. 1979. |
||
| 300 |
_a295 S. ; _c19 cm. |
||
| 490 | 1 |
_aUni-taschenbücher ; _v741 |
|
| 504 | _aBibliographie S. 274-285. | ||
| 505 | _aRegister. | ||
| 650 | 9 |
_aDeutsche Literatur _xGeschichte und Kritik |
|
| 650 | 9 | _aLiteratur | |
| 650 | 9 | _aLiteraturwissenschaft | |
| 700 | 1 |
_aNEMEC, Friedrich. _eHrsg. |
|
| 700 | 1 |
_aSOLMS, Wilhelm _d(1937- ) |
|
| 830 | _aUni-taschenbücher ; | ||
| 020 | _a3770516168 | ||
| 040 | _cBPK | ||
| 041 | 0 | _ager | |
| 920 | _a3-7705-1616-8 | ||
| 942 | _cKS | ||
| 008 | s gw f |000 0 ger | ||
| 999 |
_c50220 _d50220 |
||
| 856 |
_uhttp://koha.tu.koszalin.pl/cgi-bin/koha/opac-detail.pl?biblionumber=50220 _yKatalog online BPK |
||